000 00519nam a2200181Ia 4500
999 _c30234
_d30234
003 OSt
005 20201223122447.0
008 190216s9999||||xx |||||||||||||| ||und||
020 _a9788187480990
040 _coclc
082 _a894.8128
_bVIJ/N
100 _aVijayakuram, S
_97811
245 0 _aNobel Sammanam /
_cS Vijayakuram
260 _bMaluben Publications,
_c2014.
_aThiruvananthapuram:
300 _a236p
650 _aMalayalam
942 _cBK
_2ddc
_h894.8128
_iVIJ/N
_k894.8128
_mVIJ/N